<?xml version="1.0" encoding="UTF-8"?>
<marc:record xmlns:marc="http://www.loc.gov/MARC21/slim">
   <marc:leader>00000nam a2200000 a 4500</marc:leader>
   <marc:datafield ind1="1" ind2=" " tag="100">
      <marc:subfield code="a">Child, Lauren</marc:subfield>
      <marc:subfield code="4">aut</marc:subfield>
      <marc:subfield code="e">Verfasser/-in</marc:subfield>
   </marc:datafield>
   <marc:datafield ind1="0" ind2="0" tag="245">
      <marc:subfield code="a">Charlie und Lola Fünf [Bildtonträger]</marc:subfield>
   </marc:datafield>
   <marc:datafield ind1=" " ind2="1" tag="264">
      <marc:subfield code="b">Polyband</marc:subfield>
      <marc:subfield code="c">2008</marc:subfield>
   </marc:datafield>
   <marc:datafield ind1="1" ind2=" " tag="520">
      <marc:subfield code="a">501 Charlie und Lola sind Geschwister. Charlie ist sieben, seine Schwester fast fünf Jahre alt. Charlie mag Fußball und Rennautos, Lola liebt Meerjungfrauen und Erdbeermilch. Manchmal muss Charlie auf Lola aufpassen, was gar nicht so einfach ist, denn Lola tut selten das, was sie soll. Gemeinsam meistern sie die Probleme eines ganz normalen Kinderalltags.</marc:subfield>
   </marc:datafield>
   <marc:datafield ind1="3" ind2=" " tag="024">
      <marc:subfield code="a">4006448754655</marc:subfield>
   </marc:datafield>
</marc:record>
